Using crop residues on soils of the humid area.

Guardado en:
Autor Corporativo: United States. Department of Agriculture.
Formato: Libro
Idioma:English
Publicado: Washington, DC : U.S. Department of Agriculture, 1961.
Series:Farmer's Bulletin ; nº 2155
Etiquetas: Agregar Etiqueta
Sin Etiquetas, Sea el primero en etiquetar este registro!
LEADER 00507nam a22001455a 4500
001 EEA.libagro005332
005 20180906131253.0
008 130809s1961####xxua##########000#0#eng#d
082 0 4 |a 631.45 
110 2 |a United States.  |b Department of Agriculture. 
245 1 0 |a Using crop residues on soils of the humid area. 
260 |a Washington, DC :  |b U.S. Department of Agriculture,  |c 1961. 
300 |a 14 p. :  |b il. ;  |c 24 cm. 
490 1 |a Farmer's Bulletin ;  |v nº 2155 
859 |a AR-BbBCA  |b BIB. AGRONOMIA  |h 631.45  |i E79  |p 1996/2629